000 00786nam a2200265Ia 4500
008
020 _a0907679366 (pbk.)
049 _aMAIN
090 _aQA76 COM
245 0 0 _aComputer studies for BTECH /
_cGodfrey, Knott...[et al].
250 _a2nd ed.
260 _aSunderland :
_bBusiness Education,
_c1990
300 _ax, 596 p. :
_bill. ;
_c28 cm.
500 _aText designed to be used in association with small business computer systems for BTECH.
500 _aIncludes index.
650 0 _aComputers.
700 1 _aKnott, Godfrey
700 _aCallaghan, Paul
700 _aWaites, Nick
907 _a.b10044309
_b17-01-07
_c17-04-03
003
005 20230123134324.0
040 _cNUST
942 _cBOOKS
_kQA76 COM
999 _c163882
_d163882